000 00611nam a2200241Ia 4500
003 OSt
005 20221005060150.0
006 a|||||r|||| 00| 0
007 ta
008 221004b |||||||| |||| 00| 0 eng d
024 _a46423
037 _cTextual
040 _aCRL
_cCRL
_beng
041 _2eng
_aeng
082 _aO111,2M52x, K2
100 _aGregory Lady
_955113
245 0 _aSelected plays
260 _aLondon
_bPutnam
_c1962
300 _a269p.
_ccm.
650 _aENGLISH LITERATURE
942 _hO111,2M52x, K2
_cTEXL
_2cc
999 _c966249
_d966249